000 01795cam a22004454i 4500
003 PE-LiUPU
005 20250731183351.0
008 160324s2015 sp a b 000 0 spa d
020 _a8499105114
020 _a9788499105116
035 _a(Sirsi) i9788499105116
040 _aGO8
_erda
_cGO8
_dOCLCO
_dPE-LiUPU
_erda
049 _aPRUA
082 0 _a796.3342
_bM84
_223
100 1 _aMonteleone, Marco,
_eautor.
245 1 0 _aFútbol :
_bLa construcción de un modelo de juego /
_cMarco Monteleone, Miguel Ángel Ortega Jiménez.
246 3 0 _aConstrucción de un modelo de juego
250 _aPrimera edición.
264 1 _aBadalona (Barcelona) :
_bPaidotribo,
_c2015.
300 _a191 páginas :
_bilustraciones ;
_c28 centímetros.
336 _text
_2rdacontent
337 _unmediated
_2rdamedia
338 _volume
_2rdacarrier
504 _aBibliografía : páginas 189-191.
505 2 _aEl futbol -- Los medios técnico-tácticos grupales y colectivos -- Los jugadores -- El modelo de juego -- La organización de la temporada.
526 _aP158
526 _aP146
526 _aP17
526 _aP12
526 _aP06
541 _g0020-0000883;
650 0 _aSoccer
_xTechnique.
650 7 _aFútbol
_xTécnica.
_2bidex
700 1 _aOrtega Jiménez, Miguel Ángel,
_eautor.
942 _2ddc
_cBOOK
949 _a796.3342 M84
_wDEWEY
_c1
_i74114
_lCCODEBUL1
_mBUL
_p32.56
_r0
_sY
_tBOOK
_u2016-7-26
_xEDUCACION
_PP20
_0COMPRA
_o.STAFF. Colección General
994 _aC0
_bPEPRU
596 _a1
999 _a796.3342 M84
_wDEWEY
_c11532
_i74114
_d11532
_f2021-11-9
_g5
_lCCODEBUL1
_mBUL
_p32.56
_q1
_r0
_sY
_tBOOK
_u2016-7-26
_xEDUCACION
_PP20
_0COMPRA
_o.STAFF. Colección General
980 _81
_gALBERTO SANCHEZ Responsable de Automatización